00536nam a2200145Ia 4500008004100000041000800041082001500049100002000064245008700084260002500171300001800196520004500214999001700259952011400276240719s9999 xx 000 0 und d aeng a370.71 LAM aLambert Jonamay aGlobal Competence 50 Training Activities For Succeeding In International Business  aUSAbHRD Pressc2007 a312.;P. 24 Cm aGifted By : IMT Faculty Dr.senthil kumar c41231d41231 00104070aIMTNbIMTNcRack 16-Bd2023-05-17o370.71 LAMp32926r2024-07-19 00:00:00w2024-07-19yBKzGifted